[Event "RUS-chT 05th"]
[Site "Maikop"]
[Date "1998.06.13"]
[Round "11"]
[White "Malaniuk, Vladimir P"]
[Black "Iskusnyh, Sergei"]
[Result "1/2-1/2"]
[WhiteElo "2600"]
[BlackElo "2455"]
[Annotator "Tsesarsky,I"]
[PlyCount "75"]
[EventDate "1998.06.03"]
[EventType "team-tourn"]
[EventRounds "11"]
[EventCountry "RUS"]
[SourceTitle "CBM 066"]
[Source "ChessBase"]
[SourceDate "1998.09.30"]
[SourceVersion "1"]
[SourceVersionDate "1998.09.30"]
[SourceQuality "1"]
[WhiteTeam "Maykop Universitet"]
[BlackTeam "Novokuznetsk"]
[WhiteTeamCountry "RUS"]
[BlackTeamCountry "RUS"]

1. d4 d5 2. c4 c6 3. e3 Nf6 4. Nc3 e6 5. Nf3 Nbd7 6. Qc2 Bd6 7. a3 O-O 8. b4
Qe7 (8... e5 9. cxd5 cxd5 10. Nb5 Bb8 11. dxe5 Nxe5 12. Bb2 Re8 (12... Qe7 $5
13. Rc1 (13. Qc5 Qxc5 14. bxc5 Re8 (14... Nxf3+ 15. gxf3 Nd7 16. Rd1 Nxc5 17.
Rxd5 $11) 15. Be2 Bd7 16. Rc1 Ne4 17. O-O $11 {1/2-1/2 Kogan,A-Novikov,I/
Invitational, Rishon LeZion ISR 1998 (21)}) (13. Nxe5 Bxe5 14. Bxe5 Qxe5 15.
Qc3 Re8 (15... Qxc3+ 16. Nxc3 Be6 17. Bd3 $14) 16. Qxe5 Rxe5 17. Rc1 $14) 13...
Nxf3+ 14. gxf3 Be5 15. Bxe5 Qxe5 16. Qc3 Qh5 17. Nd6 Be6 (17... Qxf3 18. Rg1
$14) 18. Be2 b6 19. Qd4 Rfd8 20. Nb5 Rac8 21. Rxc8 Rxc8 22. Kd2 $132 {1/2-1/2
Dao Thien Hai-Kasimdzhanov,R/WchJM-U16 Bratislava 1993 (31)}) 13. Rc1 Nc6 14.
Nbd4 Nxd4 15. Bxd4 Ne4 16. Be2 $14 {Malaniuk,V-Makarov,M/URS-ch58 Moscow 1991/
1-0 (64)}) (8... a6 9. Bb2 e5 10. Nxd5 $1 (10. dxe5 Nxe5 11. Nxe5 Bxe5 12. cxd5
Nxd5 $11) 10... cxd5 (10... Nxd5 11. cxd5 cxd5 12. dxe5 $16) 11. dxe5 $16 {
1-0 Malaniuk,V-Stripunsky,A/Nikolaev zt 1995 (29)}) (8... a5 9. b5 c5 10. cxd5
exd5 11. Be2 b6 12. Bb2 Bb7 13. O-O Rc8 14. Rfd1 $132 {Dao Thien Hai-Polgar,
Zso/Muenster (07)/1994/0.5 (88)}) (8... h6 9. Bb2 Re8 10. Rd1 Qe7 11. c5 Bc7
12. Bd3 e5 13. dxe5 Nxe5 14. Nxe5 Bxe5 15. Ne2 $11 {1/2-1/2 Jacimovic,
D-Stanojoski,Z/Macedonian Championship, Struga 1993 (18)}) 9. Bb2 (9. Be2 dxc4
10. Bxc4 e5 11. Bb2 e4 12. Nd2 Nb6 13. Be2 Re8 14. h3 Nbd5 15. Na4 Bf5 16. g4
Bg6 17. Nc4 $132 {0-1 Dao Thien Hai-Lukacs,P/Budapest Elekes 1993 (45)}) 9...
dxc4 (9... a6 10. Be2 b5 11. c5 Bc7 12. a4 Bb7 13. O-O e5 14. axb5 axb5 15.
Nxb5 cxb5 16. c6 e4 17. Ne5 Bxe5 18. dxe5 Nxe5 19. cxb7 Rxa1 20. Rxa1 Nc4 21.
Ra7 Rb8 22. Bd4 (22. Bxf6 gxf6 (22... Qxf6 23. Ra8 Qd8 24. Qa2 Nb6 25. Rxb8
Qxb8 26. Qa6 $18) 23. Qd1 $16) 22... Rxb7 23. Ra8+ Ne8 24. Bc5 $16 {1-0
Lematschko,T-Trabert,B/Haifa ztW 1989 (39)}) (9... e5 10. cxd5 cxd5 11. dxe5
Nxe5 12. Nb5 Nxf3+ 13. gxf3 Be5 14. Nd4 a5 15. b5 Bd7 16. Bd3 Rfc8 17. Qe2 $132
{1-0 Dao Thien Hai-Prie,E/Budapest FS10 GM 1993 (36)}) 10. Bxc4 e5 (10... b5
11. Bd3 a5 12. bxa5 Rxa5 13. O-O Bb7 14. a4 b4 15. Ne4 Nxe4 16. Bxe4 Nf6 17.
Bd3 c5 $132 {Kunin,V-Korobov,A/Eu Youth bu16, Mureck AUT 1998/1/2-1/2 (61)})
11. Be2 Re8 12. O-O e4 13. Nd2 Nb6 (13... Nf8 14. Nc4 Bb8 15. b5 Ng4 16. h3 Nh2
17. Rfc1 Qh4 18. Ne5 (18. bxc6 bxc6 19. Nd2 c5 (19... Bf5 20. Rab1 $16) (19...
Bxh3 20. gxh3 Re6 21. Bf1 Nxf1 22. Kxf1 Qxh3+ 23. Ke1 $16) 20. dxc5 Bb7 21.
Rab1 $16) 18... Bxe5 19. dxe5 Nf3+ 20. Bxf3 $2 (20. gxf3 Qg5+ 21. Kh2 Bxh3 22.
Rg1 (22. Kxh3 Re6 $19) 22... Qh4 23. Rg3 Bg4+ (23... exf3 24. Qe4 Bg4+ 25. Kg1
fxe2 26. Rxg4 $16) 24. Kg1 exf3 25. Qe4 fxe2 26. Rxg4 Qd8 27. Qc4 $16) 20...
exf3 21. Qe4 $132 {Dao Thien Hai-Halasz,T/HUN-chT1 9394/1994/0.5 (39)}) 14.
Rfe1 Bf5 15. b5 (15. Nf1 h5 16. b5 cxb5 17. Nxb5 Rac8 18. Qd2 Nc4 19. Bxc4 Rxc4
20. Rec1 Rxc1 21. Rxc1 Bd7 {1/2-1/2 Dao Thien Hai-Lukacs,P/Budapest FS02 GM
1994} 22. Nxd6 Qxd6 23. Qa5 $14) 15... Rac8 $6 (15... c5 $132) 16. Rec1 $6 (16.
bxc6 bxc6 (16... Rxc6 $2 17. Bb5 $18) 17. Rec1 $1 (17. Rab1 Bxa3 18. Bxa3 Qxa3
19. Rb3 (19. Ra1 Qe7 20. Ra5 c5 $15) 19... Qe7 20. Ra1 c5 $15) 17... Nfd5 18.
Nc4 Nxc4 19. Bxc4 Qh4 20. g3 (20. h3 $4 Bxh3 21. gxh3 Qxh3 $19) 20... Qh3 21.
Bf1 $14) 16... Bg4 $4 $18 (16... c5 $1 17. dxc5 Rxc5 18. Nb3 Qe5 19. g3 Rc7 20.
Qd2 Qe7 21. Nd4 Bd7 $132) 17. Ndxe4 Nxe4 18. Bxg4 Nxc3 19. Bxc8 Ncd5 (19...
Nxb5 20. Bf5 $18) 20. Bf5 g6 21. Bd3 Nxe3 (21... cxb5 22. Bxb5 $18) 22. fxe3 (
22. Qd2 Ned5 23. Re1 $18) 22... Qxe3+ 23. Kh1 Qf4 24. g3 Qf3+ 25. Kg1 Bxg3 26.
hxg3 $6 (26. Rf1 Qe3+ 27. Kh1 $18) 26... Qxg3+ 27. Qg2 (27. Kh1 Qh3+ 28. Qh2
Qxd3 29. Re1 $18) 27... Qxd3 28. Re1 Re3 (28... Rxe1+ 29. Rxe1 Qxb5 30. Re8+
Kg7 31. d5+ f6 32. Re7+ Kg8 33. Rxb7 $18) 29. Rad1 Rxe1+ 30. Rxe1 Nd5 (30...
Qxb5 31. Re8+ Kg7 32. d5+ $18) 31. bxc6 bxc6 32. Qf2 (32. Kh2 $18) 32... Qh3
33. Bc1 Qg4+ 34. Kh2 Kg7 35. Qg3 Qd7 36. Kg2 h5 37. Qg5 a6 38. Bd2 $18 {
Maybe 1:0 ?} 1/2-1/2

[Event "Guillermo Garcia Memorial-A 06th"]
[Site "Santa Clara"]
[Date "1998.05.28"]
[Round "4"]
[White "Vasquez Schroder, Rodrigo Rafael"]
[Black "Borges Matos, Juan R"]
[Result "1-0"]
[WhiteElo "2485"]
[BlackElo "2480"]
[Annotator "Tsesarsky,I"]
[PlyCount "41"]
[EventDate "1998.05.24"]
[EventType "tourn"]
[EventRounds "13"]
[EventCountry "CUB"]
[EventCategory "9"]
[SourceTitle "CBM 066"]
[Source "ChessBase"]
[SourceDate "1998.09.30"]
[SourceVersion "1"]
[SourceVersionDate "1998.09.30"]
[SourceQuality "1"]

1. d4 d5 2. c4 c6 3. Nf3 Nf6 4. Nc3 e6 5. e3 Nbd7 6. Qc2 Bd6 7. b3 O-O 8. Be2
dxc4 9. bxc4 e5 10. O-O Re8 11. Rd1 Qe7 12. Rb1 h6 (12... exd4 13. exd4 c5 (
13... Nf8 14. Re1 Bg4 15. c5 Bc7 16. Be3 Rad8 17. Red1 Ng6 18. g3 Ba5 $17 {
0-1 Singer,R-Feher,G/Zalaegerszeg 1993 (38)}) 14. d5 (14. Be3 cxd4 15. Nxd4 Nc5
16. Ncb5 Bb8 17. Re1 Ng4 18. Bxg4 Bxg4 $132 {Portisch,L-Godena,M/Reggio Emilia
II 1991 (60) 1:0 time}) 14... Ne5 15. Nxe5 Qxe5 16. g3 Bf5 17. Bd3 Bg4 18. Rf1
Qh5 19. h4 (19. Rxb7 Bf3 20. Bf5 g6 $19) 19... Bh3 20. Be2 Bf5 21. Bxh5 Bxc2
22. Rb2 Bd3 23. Be2 Bxe2 24. Rxe2 Rxe2 25. Nxe2 $11 {1/2-1/2 Skembris,S-Godena,
M/EU-chT Debrecen ITA-GRC 1992 (58)}) (12... b6 13. a4 Rb8 (13... e4 14. Nd2
Nf8 15. a5 Ng6 16. Nf1 $132 {1-0 Bischoff,K-Schlemermeyer,W/BL 1993 (28)}) 14.
a5 bxa5 15. Rxb8 Bxb8 16. Qa2 Bc7 17. Ba3 Qe6 18. d5 cxd5 19. cxd5 Qf5 20. Nb5
Bb8 21. d6 $44 {1-0 Ward,C-Muir,A/BCF-ch 1993 (35)}) (12... Nf8 13. dxe5 Bxe5
14. Nxe5 Qxe5 15. f3 (15. Ba3 Bf5 16. Bd3 Ng4 17. g3 Bxd3 18. Qxd3 Qh5 19. h4
Ng6 20. Rxb7 (20. Bd6 Rad8 21. Qe2 b6 $132 {1/2-1/2 Servat,R-Valerga,D/ARG-ch
1994 (25)}) 20... N4e5 21. Qe2 Nf3+ 22. Kf1 Qg4 $44) 15... Ne6 16. Bf1 $14 {
1-0 Mukhaev,A-Burmakin,V/Moscow op2 1995 (23)}) (12... a6 13. c5 Bc7 14. h3 h6
15. Ba3 Ba5 16. Bc4 e4 17. Nd2 $14 {Jaworski,M-Mazul,W/POL-chT Lubniewice 1994/
1-0 (69)}) 13. h3 (13. a4 e4 $2 14. Nd2 Nf8 15. c5 $1 Bc7 16. Ba3 $1 {/\ Nc4-d6
} Bg4 $5 17. Bxg4 (17. Ndxe4 Nxe4 18. Bxg4 Bxh2+ 19. Kf1 $1 $16) 17... Nxg4 18.
g3 Ba5 19. Bb4 $1 (19. Ndxe4 Bxc3 20. Nxc3 Qg5 $1 21. Re1 $16 {1-0 Georgiev,
K-Granda Zuniga,J/Manila (ol) 1992 (41)}) 19... Bxb4 20. Rxb4 Nf6 21. Rdb1 $18)
13... exd4 14. exd4 (14. Nxd4 Ne5 $14) 14... Nf8 15. Bd3 Qc7 (15... Be6 16. Re1
Qd7 17. Ne5 $14) 16. Be3 Ne6 (16... b6 17. Qb3 N8d7 (17... Bb7 18. c5 $14) 18.
Re1 $14) 17. Qd2 b6 $4 $18 (17... Bf8 $14) 18. Re1 $4 $14 (18. Bxh6 $1 gxh6 19.
Qxh6 Be7 (19... Qd8 20. Ne4 Nxe4 21. Bxe4 Nf8 22. Bxc6 Re6 23. Qh5 Bh2+ 24.
Kxh2 Rxc6 25. Ne5 Rc7 26. Rb3 Ne6 27. Rg3+ Ng7 28. Qh6 Qf8 29. Re1 $18) 20. Ng5
(20. Re1 Qf4 $17) (20. Ne5 Nxd4 21. Ng6 fxg6 22. Qxg6+ Kf8 $11) 20... Nxg5 (
20... Ng7 21. Nce4 Qd8 22. d5 cxd5 23. cxd5 $18) (20... Bd8 21. Re1 Qf4 22. Re5
$1 $18) 21. Qxg5+ Kf8 22. Qh6+ Kg8 23. Ne4 Nxe4 24. Bxe4 Bd6 25. Re1 Be6 26. d5
$18) 18... Bd7 $4 $18 (18... Bf8 $8 19. d5 $1 (19. Ne5 Bb7 20. Bf5 (20. Ne4
Nxe4 21. Bxe4 Rad8 $11) 20... Rad8 $132) (19. Nh4 Bb7 20. Nf5 Rad8 $132) 19...
Nc5 (19... cxd5 20. cxd5 (20. Nxd5 Qd8 $132 (20... Nxd5 21. cxd5 Nc5 22. Bf4 (
22. Bxc5 Rxe1+ 23. Qxe1 Qxc5 (23... Bxc5 24. d6 Qxd6 25. Qe8+ Qf8 26. Qe4 $18)
24. Qe4 g6 25. Ne5 Bf5 26. Qf4 Qxd5 27. Bc4 (27. Bxf5 gxf5 28. Qxf5 Re8 29. Rb5
Bc5 30. Ng4 Re1+ 31. Kh2 Bd6+ 32. f4 Qe6 $15) 27... Qe4 28. Qxe4 (28. Bxf7+ Kg7
29. Qxe4 Bxe4 30. Re1 Bc2 $132) 28... Bxe4 29. Re1 Bf5 30. g4 Be6 31. Bxe6 fxe6
32. Nxg6 Kf7 33. Ne5+ Kf6 34. f4 Rd8 35. Kf2 Rd2+ 36. Re2 $14) 22... Rxe1+ 23.
Rxe1 Qd8 24. Bb5 Bb7 25. Bc6 Bxc6 26. dxc6 Qxd2 27. Bxd2 Ne6 $15)) 20... Nc5
21. Bd4 $14) 20. Bd4 Rxe1+ (20... Bb7 21. Bxf6 gxf6 22. Nd4 $16) 21. Rxe1 Nfd7
22. Bb1 $14) (18... Bb7 $4 19. Bxh6 gxh6 20. Qxh6 Be7 21. Re5 (21. Rxe6 $2 fxe6
22. Qg6+ Kf8 23. Qh6+ Kg8 24. Ng5 Bd8 25. Bg6 (25. Bh7+ Nxh7 26. Qg6+ Qg7 27.
Qxe8+ Nf8 28. Nxe6 Qe7 29. Qxf8+ Qxf8 30. Nxf8 Kxf8 $15) 25... Qg7 26. Bf7+ Kf8
27. Nxe6+ (27. Qxg7+ Kxg7 28. Bxe8 Nxe8 29. Nxe6+ Kf6 30. Re1 Nd6 $15) 27...
Rxe6 28. Qxg7+ Kxg7 29. Bxe6 $132) 21... Bd6 (21... Bf8 22. Qxf6 Bg7 23. Qh4
Bxe5 24. Qh7+ Kf8 25. Nxe5 $18) (21... Bd8 22. d5 cxd5 23. Nxd5 Bxd5 24. cxd5
$18) 22. Rg5+ Nxg5 23. Qxg5+ Kf8 24. Qxf6 $18) 19. Bxh6 $1 gxh6 (19... Bf8 20.
Bg5 $18) 20. Qxh6 Nf4 (20... Qd8 21. Ne4 $1 Nxe4 22. Rxe4 Bf8 23. Rg4+ Bg7 24.
Ne5 $1 $18 (24. Qh7+ Kf8 25. Rxg7 Nxg7 26. Qh8+ Ke7 27. Qxg7 $18)) (20... Be7
21. Re5 Ng7 22. Rg5 Bf8 23. Rg3 $18 (23. Qxf6 Re6 24. Ne4 $1 (24. Qf5 Re1+ 25.
Rxe1 Bxf5 26. Bxf5 $16) 24... Rxf6 25. Nxf6+ Kh8 26. Ne5 Bf5 27. Bxf5 Bd6 28.
Bd7 Bxe5 29. dxe5 Rd8 30. Re1 $18)) 21. Qg5+ (21. Qg5+ Kf8 (21... Ng6 22. Bxg6
$18) 22. Qxf6 Nxd3 23. Qh8#) 1-0

[Event "Recklinghausen"]
[Site "Recklinghausen"]
[Date "1998.07.26"]
[Round "2"]
[White "Siegel, Georg"]
[Black "Pinter, Jozsef"]
[Result "0-1"]
[WhiteElo "2540"]
[BlackElo "2590"]
[Annotator "Tsesarsky,I"]
[PlyCount "60"]
[EventDate "1998.07.25"]
[EventType "tourn"]
[EventRounds "9"]
[EventCountry "GER"]
[EventCategory "12"]
[SourceTitle "CBM 067"]
[Source "ChessBase"]
[SourceDate "1998.11.30"]
[SourceVersion "2"]
[SourceVersionDate "1998.11.01"]
[SourceQuality "1"]

{[%mdl 24592]} 1. d4 Nf6 2. c4 e6 3. Nf3 d5 4. Nc3 c6 5. e3 Nbd7 6. Qc2 Bd6 7.
Be2 O-O 8. b3 Re8 9. Bb2 Qe7 10. O-O b6 11. e4 Nxe4 12. Nxe4 dxe4 13. Qxe4 Bb7
14. Bd3 (14. Qe3 c5 15. Rfd1 Rad8 16. dxc5 $10 {(Kramnik)}) (14. Ne5 $1 {
(Anand)}) 14... f5 (14... Nf8 15. Qe2 Rad8 16. Rad1 Ng6 17. g3 c5 18. dxc5 Bxc5
19. Be4 Bxe4 20. Qxe4 Rd7 21. Qc6 Rc7 22. Qa4 e5 $11 {0-1 Rumiancev,
B-Grabliauskas,V/LTU-ch Vilnius 1996/EXP 53 (35)}) (14... Nf6 15. Qh4 h6 16.
Rae1 Rad8 17. Re3 Nh7 18. Qh3 Ng5 19. Nxg5 Qxg5 20. Rfe1 c5 $11 {1-0
Anastasian,A-Nalbandian,T/Protvino zt 1993 (39)}) 15. Qe3 (15. Qe2 c5 16. Rfe1
(16. Rad1 $2 cxd4 17. Nxd4 Qh4 18. g3 Qh3 19. f3 Bc5 20. Kh1 (20. f4 e5 21.
fxe5 Rxe5 22. Qc2 (22. Qf2 Nf6 23. Rd2 Ne4 24. Bxe4 Bxe4 $17) 22... Rae8 $17)
20... Nf6 21. Nc2 e5 $17 {0-1 Grivas,E-Kramnik,V/Dortmund op-A 1992 (25)}) (16.
dxc5 Nxc5 17. Ne5 Qc7 18. Bc2 Ne4 19. Nf3 Rad8 20. Rad1 $11 {1-0 Volke,
K-Thinius,M/BL 1993/BL 90 (95)}) 16... cxd4 17. Nxd4 Qh4 18. g3 Qh3 19. Qf1 Qh5
20. Rad1 Bb4 21. Re3 Bc5 22. Be2 Qg6 23. Qh3 (23. b4 Bxd4 (23... Bxb4 24. Nc2
$18) 24. Rxd4 Nf6 25. Rd6 $14) 23... Nf6 24. b4 f4 $132 {1/2-1/2 Iotti,P-Doric,
N/Open, Salsomaggiore Terme ITA 1998 (57)}) 15... c5 16. Rfe1 $2 $15 (16. dxc5
$11) 16... Bxf3 (16... Rad8 17. Rad1 cxd4 18. Nxd4 Nc5 19. Bc2 Qh4 20. h3 Bf4
21. Qe2 Ne4 22. Nf3 Qh5 23. Rxd8 Rxd8 24. Rd1 $11) 17. Qxf3 (17. dxc5 Nxc5 18.
Qxf3 Bxh2+ 19. Kxh2 Qd6+ 20. Be5 Qxd3 $17) 17... cxd4 18. Bxf5 (18. Bxd4 Qh4
$17) 18... Ne5 (18... Bxh2+ 19. Kxh2 Qd6+ 20. Kg1 exf5 21. Qxf5 Nc5 22. Qg4
Rxe1+ 23. Rxe1 Rd8 $132) 19. Rxe5 (19. Bxh7+ Kxh7 20. Qh5+ Kg8 21. Rxe5 Bxe5
22. Qxe5 d3 {this game}) (19. Qh3 exf5 20. f4 Qd7 21. fxe5 Bxe5 22. Rad1 Rad8
$17) 19... Bxe5 20. Bxh7+ Kxh7 21. Qh5+ Kg8 22. Qxe5 d3 23. Rd1 Rad8 24. Qc3 $2
$17 (24. Qg3 e5 25. Rxd3 e4 26. Rxd8 Rxd8 27. h3 Rd2 28. Bc3 (28. Be5 Rxa2 29.
Bd6 Qd7 30. Qe5 Rd2 31. Bb4 Rd3 32. Qxe4 Rxb3 33. Be7 Rb2 34. Qa8+ Kf7 35. Qf8+
Kg6 $17) 28... Rd3 (28... Rxa2 29. Qb8+ Kh7 30. Qf4 Qe6 (30... Rc2 31. Be5 Qb7
32. Qh4+ $11) 31. Qh4+ Kg8 (31... Kg6 32. Qg3+ $18) 32. Qd8+ Kh7 33. Qh4+ $11)
29. Qb8+ Qf8 30. Qe5 Rd1+ 31. Kh2 Qd6 32. Qxd6 Rxd6 $15) 24... e5 25. Rxd3 e4
26. Rxd8 (26. Rd5 Rxd5 27. cxd5 e3 28. fxe3 Qxe3+ 29. Qxe3 Rxe3 30. d6 Re2 31.
Bc3 Kf7 32. d7 Ke7 33. Bxg7 Rxa2 34. h4 Kxd7 35. h5 Ke7 36. g4 Kf7 37. Be5 Re2
$17) 26... Rxd8 27. g3 (27. Qe1 Qb4 $1 28. Kf1 Qd2 $17) 27... Rd3 28. Qe5 (28.
Qe1 e3 29. fxe3 Rxe3 30. Qd2 Qe4 31. Qd5+ Qxd5 32. cxd5 Re1+ 33. Kf2 Rd1 $17)
28... Qxe5 29. Bxe5 Rd1+ 30. Kg2 Rd2 0-1

[Event "Rubinstein Memorial 33rd"]
[Site "Polanica Zdroj"]
[Date "1996.??.??"]
[Round "7"]
[White "Kempinski, Robert"]
[Black "Beliavsky, Alexander G"]
[Result "1/2-1/2"]
[WhiteElo "2510"]
[BlackElo "2620"]
[Annotator "Tsesarsky,I"]
[PlyCount "73"]
[EventDate "1996.08.15"]
[EventType "tourn"]
[EventRounds "11"]
[EventCountry "POL"]
[EventCategory "15"]
[SourceTitle "CBM 055"]
[Source "ChessBase"]
[SourceDate "1996.12.01"]
[SourceVersion "1"]
[SourceVersionDate "1996.12.01"]
[SourceQuality "1"]

1. d4 {Lutz} d5 2. Nf3 Nf6 3. c4 c6 4. Nc3 e6 5. e3 Nbd7 6. Qc2 Bd6 7. g4 O-O
8. g5 Ne4 $5 $146 (8... Nh5 {Survey CBM 55}) 9. Nxe4 dxe4 10. Qxe4 e5 11. Bd2 (
11. Bd3 f5 12. gxf6 Nxf6 13. Qh4 exd4 14. Nxd4 (14. exd4 Bf5 15. Be2 (15. Bxf5
Qa5+ 16. Nd2 Rae8+ $40) 15... Ne4 $44 16. Qxd8 Raxd8 17. Be3 Bb4+ 18. Kd1 (18.
Kf1 Bh3+ 19. Kg1 Rf6 20. Ne5 Bd6 21. Bg4 Bxe5 22. dxe5 Rg6 23. f3 Rf8 $19)
18... Nxf2+ $1 19. Bxf2 Be4 20. Rg1 Bxf3 21. Bxf3 Rxf3 22. Ke2 Rh3 23. Rg2 Re8+
24. Kf1 Bd6 $15) 14... Bb4+ 15. Ke2 $13 (15. Bd2 $4 Bxd2+ 16. Kxd2 c5 $19 {
[%cal Rd8d3,Yc8f5]})) (11. Bg2 f5 12. gxf6 Nxf6 13. Qh4 (13. Qc2 exd4 14. Nxd4
Ng4 15. Nf3 Bb4+ 16. Ke2 Qf6 17. Kf1 Be6 $36) 13... exd4 14. Qxd4 $13) 11... f5
12. Qh4 (12. gxf6 Nxf6 13. Qh4 (13. Qd3 e4 14. Qb3 exf3 15. c5+ Rf7 16. cxd6
Qxd6 17. Bc4 Nd5 18. e4 Qe6 (18... Re7 19. Qxf3 $16) 19. Bxd5 cxd5 20. Qxd5
Qxd5 21. exd5 Bf5 $15) 13... Bg4 14. Bg2 (14. Nxe5 $6 Bxe5 15. dxe5 Ne4 16.
Qxd8 Raxd8 17. Ba5 b6 18. Rg1 Be6 19. Bc3 Rxf2 20. h3 (20. Bg2 Bxc4 $1 $19) (
20. Rg2 Rf3 21. Bd4 c5 22. Be2 Rh3 $17) 20... c5 21. Rc1 Rdf8 $17) 14... exd4 (
14... Bxf3 15. Bxf3 Nd7 16. Qxd8 Raxd8 17. Be2 $14) 15. Nxd4 (15. exd4 Qe7+ $17
) 15... Be5 16. Bc3 c5 17. Ne2 (17. Nb5 Qd3 18. Bf1 Bxc3+ 19. Nxc3 Qc2 $19)
17... Qd3 18. O-O Bxe2 19. Bxe5 Bxf1 20. Rxf1 Rae8 $15) 12... e4 13. g6 (13.
Ng1 $5) 13... Qxh4 (13... hxg6 {Lutz} 14. Ng5 Nf6 15. c5 $18) 14. Nxh4 f4 $5 (
14... Be7 15. gxh7+ Kxh7 16. Ng2 $14) 15. c5 $6 (15. exf4 $5 Bxf4 16. Bxf4 Rxf4
17. Ng2 Rf6 18. gxh7+ Kxh7 19. Ne3 $14) 15... fxe3 16. Bxe3 Be7 17. Ng2 Nf6 (
17... hxg6 $6 18. Bc4+ Kh8 19. h4 $40) 18. Nf4 Ng4 19. Bc4+ Kh8 20. gxh7 (20.
h3 Nxe3 21. fxe3 Bg5) 20... Kxh7 21. h4 b6 22. cxb6 (22. b4 bxc5 23. bxc5 Rb8
$132) 22... axb6 23. Ne6 (23. d5 Nxe3 24. fxe3 Bb4+ 25. Kd1 b5 26. Be2 cxd5
$132) 23... Bxe6 (23... Rf3 24. Ke2 Bxe6 25. Bxe6 Nxe3 26. fxe3 Raf8 $132) 24.
Bxe6 Nxe3 25. fxe3 Rf3 26. Ke2 Raf8 27. Raf1 (27. Rh2 $6 Bd6 28. Rg2 Bg3 29.
Rag1 Rf2+ 30. Rxf2 Rxf2+ 31. Kd1 Bxh4 $10) (27. Rac1 Rf2+ 28. Kd1 Rxb2 29. Rxc6
Rff2 30. Bd5 Ba3 $1 (30... Rfd2+ $4 31. Kc1 Ba3 32. Bxe4+ Kg8 33. Rxb6 $18) 31.
Bxe4+ Kg8 32. Rc8+ Kf7 $10) 27... Rxf1 28. Rxf1 Rxf1 29. Kxf1 Kg6 30. h5+ $1
Kg5 (30... Kxh5 31. Bf5 $16) 31. Ke2 c5 32. dxc5 Bxc5 33. a3 Kf6 34. Bg8 Ke5
35. b4 Be7 36. Kd2 Bg5 37. a4 1/2-1/2

[Event "Rishon Le Ziyyon 9798"]
[Site "Rishon Le Ziyyon"]
[Date "1997.08.23"]
[Round "9"]
[White "Tsesarsky, Ilya"]
[Black "Stisis, Yaacov"]
[Result "1-0"]
[WhiteElo "2390"]
[BlackElo "2375"]
[Annotator "Tsesarsky,I"]
[PlyCount "61"]
[EventDate "1997.12.25"]
[EventType "swiss"]
[EventRounds "9"]
[EventCountry "ISR"]
[SourceTitle "CBM 060"]
[Source "ChessBase"]
[SourceDate "1997.09.29"]
[SourceVersion "1"]
[SourceVersionDate "1997.09.29"]
[SourceQuality "1"]

1. Nf3 d5 2. d4 Nf6 3. c4 c6 4. Nc3 e6 5. e3 Nbd7 6. Qc2 Bd6 7. Bd3 O-O 8. b3
e5 (8... Re8 9. O-O dxc4 10. bxc4 e5 11. Bb2 exd4 12. exd4 Nf8 13. Ne5 Bxe5 (
13... c5 14. Nb5 cxd4 $15) 14. dxe5 Ng4 15. Ne4 Nxe5 $17 {1-0 Raicevic,
V-Kaeser,U/Bern op 1988 (21)}) (8... dxc4 9. bxc4 e5 10. O-O h6 11. Nh4 $6 (11.
Bb2 Re8 12. Ne4 (12. Rfe1 $5) 12... Nxe4 13. Bxe4 exd4 14. exd4 Nf6 15. Bf5 Qa5
16. Bxc8 Raxc8 17. Rfe1 $11) 11... e4 12. Bxe4 Nxe4 13. Nxe4 Bxh2+ 14. Kxh2
Qxh4+ 15. Kg1 f5 $132 {0-1 Barakat,K-Rahman,A/Doha open 1992 (63)}) 9. cxd5
cxd5 10. Nb5 $5 $146 (10. dxe5 $6 Nxe5 11. Bb2 (11. Nxe5 Bxe5 12. Bb2 (12. O-O
Qc7 $17 {[%csl Rc3,Rh2]}) 12... d4 13. exd4 (13. Nb5 Re8 $15) 13... Bxd4 14.
O-O $11) 11... Nxf3+ 12. gxf3 Bh3 $15 {1/2-1/2 Vukovic,M-Ciric,D/Ljubljana YUG
ch 1960 (40)}) 10... Bb4+ (10... Bb8 11. Ba3 (11. dxe5 Nxe5 12. Nxe5 Bxe5 13.
Bb2 Qa5+ (13... Bxb2 14. Qxb2 Qb6 15. O-O Bd7 16. Nd4 $14) 14. Bc3 Bxc3+ 15.
Qxc3 Qxc3+ 16. Nxc3 Rd8 17. Nb5 $14) 11... Qa5+ (11... Re8 12. Be2 a6 13. Nd6
Bxd6 (13... Qa5+ 14. b4 Qxa3 15. Nxe8 Qxb4+ 16. Kf1 Qf8 (16... Nxe8 17. Qxc8
$18) 17. Qxc8 $16) 14. Bxd6 e4 (14... exd4 15. Nxd4 $14) 15. Bc7 (15. Ne5 Qa5+
16. b4 Qb6 17. Qc7 Re6 18. Qxb6 Nxb6 19. Bc7 Bd7 20. Bxb6 Rxb6 21. a3 a5 22. b5
$14) 15... Qe7 16. Nd2 $14) 12. Qd2 $1 (12. Nd2 Re8 13. O-O (13. Rc1 exd4 14.
Qxc8 dxe3 $19 15. fxe3 Bg3+) 13... a6 14. Nd6 Bxd6 15. Bxd6 exd4 16. exd4 Qb6
17. Bc5 Nxc5 18. dxc5 $11) 12... Qxd2+ 13. Nxd2 Re8 14. O-O a6 15. Nd6 Bxd6 16.
Bxd6 exd4 17. exd4 $14) 11. Bd2 Bxd2+ (11... Qe7 12. dxe5 Bxd2+ 13. Qxd2 Nxe5
14. Nxe5 Qxe5 15. O-O Ng4 16. g3 Qh5 17. f3 Ne5 18. Be2 Bh3 19. Rf2 Nc6 20. Rd1
$14) 12. Nxd2 e4 13. Be2 a6 14. Nc7 $5 (14. Nc3 b5 15. a3 Re8 16. O-O Nf8 17.
Rfc1 Bg4 18. Bf1 h5 19. b4 Qd6 20. a4 bxa4 21. Nxa4 $14) 14... Ra7 (14... Rb8
15. O-O Nb6 16. Rfc1 Bg4 17. Bxg4 Nxg4 18. h3 Nf6 19. Qc5 Na8 20. Nxa8 Rxa8 21.
Qc7 $14) 15. O-O b6 (15... Nb8 16. Rfc1 (16. b4 Nc6 17. Nxa6 Rxa6 18. b5 Nxd4
19. exd4 Ra3 20. Nb1 Ra8 21. a4 Bg4 22. Nc3 $11) 16... Nc6 17. Nxa6 Nxd4 (17...
Rxa6 18. Bxa6 Nb4 19. Qxc8 $1 $16) 18. exd4 bxa6 19. b4 $14) 16. Rfc1 Nb8 17.
b4 Qd6 $4 (17... Bg4 $14) 18. Nxd5 $18 Nxd5 19. Qxc8 Qxb4 20. Nxe4 Re7 21. Ng3
f5 (21... Qe1+ 22. Rxe1 Rxc8 23. Rec1 $18) 22. Qc4 (22. Nxf5 Rxc8 23. Rxc8+ Kf7
24. Nxe7 Qb2 25. Re1 Qd2 26. Kf1 Kxe7 27. Rxb8 b5 28. Rb7+ $18) 22... Qa5 (
22... Qd6 23. Bf3 Rd7 24. Nxf5 (24. Bxd5+ Qxd5 25. Qxd5+ Rxd5 26. Ne2 $18)
24... Rxf5 25. e4 b5 26. Qb3 Rxf3 27. gxf3 Qg6+ 28. Kh1 Nc6 29. exd5 $18) 23.
Bf3 Rd7 24. Ne2 Kh8 25. Bxd5 Rxd5 26. Nf4 Rd6 27. h4 Nd7 28. Qc7 Qa3 29. Rc3
Qb2 30. Rac1 Rff6 31. Qxd7 1-0